| 000 | 00434nam a22001697a 4500 | ||
|---|---|---|---|
| 005 | 20180810145104.0 | ||
| 008 | 160513b xxu||||| |||| 00| 0 eng d | ||
| 020 | _a0-07-007807-6 | ||
| 041 | _aeng | ||
| 082 |
_b2076 _a658.3124 |
||
| 100 |
_aNoe, Raymond A. _92217 |
||
| 245 | _aEmployee Training and Development | ||
| 260 |
_aNew Delhi _bMc Graw Hill Companies, _c2010 |
||
| 300 | _a497p, | ||
| 650 |
_aManagement _9241 |
||
| 942 | _cBK | ||
| 999 |
_c758 _d758 |
||